| 000 | 00958nam a2200253Ia 4500 | ||
|---|---|---|---|
| 003 | CO-CtgCURN | ||
| 005 | 20250408222650.0 | ||
| 008 | 190722s9999 xx 000 0 und d | ||
| 020 | _a9586825728 | ||
| 040 |
_aCO-CtgCURN _bspa _ccoctgcurn |
||
| 082 |
_a338.986 _bP463c |
||
| 100 | _aPerry, Guillermo | ||
| 245 | 0 |
_aCrecimiento en America Latina : _ben busca del tiempo perdido / _cGuillermo Perry |
|
| 260 |
_aBogotá, Colombia : _bBanco Mundial, _c2005 |
||
| 300 |
_a64 páginas ; _c21 centímetros |
||
| 490 |
_aSerie Desarrollo para todos; _v8 |
||
| 500 | _aTitulo original : The international bank for reconstruction and development | ||
| 504 | _aIncluye referencias bibliográficas | ||
| 521 | _aAREA SOCIOHUMANISTICA | ||
| 590 | _aTodos los programas académicos | ||
| 650 |
_aAmerica Latina _xPolitica economica |
||
| 942 |
_cBK _h338.986 _iP463c _2ddc _n0 |
||
| 999 |
_c28024 _d28024 |
||